000 00279cam a2200109ua 4500
082 _a332
_bDAY/OU
100 _aDay, A.C.L .
_91951
245 _aOutlines of Monetary Economics /
260 _aLondon :
_bOxford at the Clarendon Press ,
_c1963.
300 _a559 ; .
942 _cBK
999 _c12796
_d12796